Most covered musical artists - Statistics

General Stats
  • This quiz has been taken 30 times
  • The average score is 4 of 10
Answer Stats
Artists % Correct
1 Beatles
90%
6 Rolling stones
67%
8 Michael Jackson
47%
3 Bob Dylan
37%
5 Frank Sinatra
30%
9 Queen
30%
7 Marvin Gaye
27%
4 Stevie Wonder
23%
10 U2
10%
2 (traditional folk songs) Traditional folk
7%
No matching quizzes found
Score Distribution
Percent of People with Each Score
Percentile by Number Answered
Your Score History
You have not taken this quiz